00423pab a2200157 454500008004000000100001500040245006400055260000900119300001400128362000800142650002100150650002600171700002000197700001900217773002900236180718b2007 xxu||||| |||| 00| 0 eng d aBel, Germa aLocal government reform: privatisation and its alternatives c2007 ap.507-15. aAug aLocal government aAdministrative reform aWarner, Mildred aHebdon, Robert aLocal Government Studies